000 02216nam a2200289 4500
003 OSt
005 20240412112848.0
008 240412s2021 mx |||f |||| 001 0 spa d
020 _a7502275673345 (ISBN en trámite)
040 _erda
_cCHAP
082 0 0 _222
_a158.1
_bM21 2021
100 1 _9188939
_aMahaprajna, Acharya Shri
245 1 3 _aEl arte del pensamiento positivo /
_cpor Acharya Shri Mahaprajna
250 _aSegunda edición
264 _aMéxico:
_bPrana,
_c2021.
300 _a335 páginas :
_bSin ilustraciones
336 _2rdacontent
_atexto
_btxt
337 _2rdamedia
_asin medio
_bn
338 _2rdacarrier
_avolumen
_bnc
504 _aIncluye índice
520 _a"La verdadera grandeza descansa en ser amable. La verdadera sabiduría en una mente feliz..." El hombre es un ser vivo provisto de una mente cuya función es generar pensamientos que influyen en el funcionamiento cuerpo. Un estudio sobre la mutua interdependencia entre el cuerpo y la mente revela que cuando el pensamiento de un hombre es positivo y constructivo, su cuerpo también se mantiene en perfectas condiciones, pero si su pensamiento es negativo o destructivo, entonces el cuerpo funciona mal. El pensamiento constructivo, además, ayuda a mejorar las relaciones sociales y humanas, y, por consiguiente, se despeja el camino hacia el desarrollo y el progreso. El arte del pensamiento positivo es la obra que recopila los discursos cotidianos del Acharya Shri Mahaprajna; un meticuloso esfuerzo del maestro jainista por dejar un profundo impacto que haga reflexionar al lector en lo importante que es liberarse del miedo: el miedo a la enfermedad, el miedo a envejecer, el miedo a la muerte, el miedo al olvido, el miedo a la locura; a través de técnicas que permitan la purificación del corazón y de la mente. Un libro que ofrece al lector una refrescante inmersión en el purificante torrente del pensamiento, guiándolo hacia su total autorrealización.
534 _pTítulo original:
_tThe Art of Positive Thinking
650 0 _9157154
_aTécnicas de autoayuda
650 4 _9153263
_aSuperación personal
_xAspectos psicológicos
650 4 _979090
_aMotivación (Psicología)
942 _2ddc
_cLIBRO
999 _c219847
_d219847